Statistics for Useless Knowledge Quiz #1

Click here to take the quiz!

General Stats

  • This quiz has been taken 77 times
  • The average score is 3 of 16

Answer Stats

HintAnswer% Correct
i^41
54%
Name for a very small islandislet
41%
Value of the queen in chess9
39%
6th letter of the Greek alphabetZeta
33%
Most famous* vegetarianAdolf Hitler
23%
Capital of KurdistanErbil
17%
Red in hexadecimalff0000
13%
The year Caesar died in Roman numeralsXLIV
12%
What "i.e." stands forid est
10%
Stalin's actual surnameJughashvili
10%
What Holmium is named afterStockholm
6%
Summer residence of the PopeCastel Gandolfo
3%
Cisco router operating systemIOS
3%
Smallest city of ColoradoLakeside
3%
Highest mountain in our Solar SystemRheasilvia
3%
Newest version of AndroidQ
1%

Score Distribution

Percentile by Number Answered

Percent of People with Each Score

Your Score History

You have not taken this quiz